000 00354nam a2200133 i 4500
001 bg
100 1 _aSIWOŃ, Z.
245 0 _aStochastyczne modelowanie procesu zużycia wody i prognozowanie zapotrzebowania... /
_cZ.Siwoń.
260 _aWrocław,
_c1986.
040 _cBPK
041 _apol
942 _cKS
008 s pl f |000 0 pol
999 _c28541
_d28541
856 _uhttp://koha.tu.koszalin.pl/cgi-bin/koha/opac-detail.pl?biblionumber=28541
_yKatalog online BPK